000 00889nam a2200265Ia 4500
003 OSt
005 20220923211047.0
006 a|||||r|||| 00| 0
007 ta
008 220922b |||||||| |||| 00| 0 hin d
020 _a81767451073 (hb)
024 _a230,775
037 _cTextual
040 _aARTS
_cARTS
_bhin
041 _2hin
_ahin
082 _aO152,3N51,NP, P4
100 _aराकेश, राजकुमार
_9157767
245 0 _aनिर्वासित प्रेतों की जीवनी
246 _aNirvāsit pretoan kī jīvanī
260 _aपंचकूला
_b आधार प्रकाशन
_c2004
300 _a164पृ.
_ccm.
650 _aहिन्दी साहित्य
_9156264
942 _hO152,3N51,NP, P4
_cTEXL
_2CC
999 _c294687
_d294687